000 00431nam a22001697a 4500
005 20180201124052.0
008 160701b xxu||||| |||| 00| 0 eng d
020 _a978-81-203-2233-2
041 _aeng
082 _b20392
_a004
100 _alewis harry R. and others
_94038
245 _aElements of the theory of computation
260 _bPearson
_c2014
300 _a351
650 _aInformation Technology
_9137
942 _cBK
999 _c5070
_d5068